Comparing Masses Quiz Stats

Quiz Updated Jul 18, 2015

Also try: Llama or Duck?
Challenge
Share
Tweet
Embed
Score 0/11 Timer 01:30
4 Plays Today
Two Objects Which is More Massive? % Correct
????
78.5%
????
76.5%
????
74.4%
????
70.5%
????
60.6%
????
60.2%
????
60%
????
43.4%
????
38.2%
????
36.5%
????
35.8%

You're not logged in!

Compare scores with friends on all Sporcle quizzes.
Join for Free
OR
Log In

You Might Also Like...

Show Comments

Extras

Top Quizzes Today


Score Distribution

Your Account Isn't Verified!

In order to create a playlist on Sporcle, you need to verify the email address you used during registration. Go to your Sporcle Settings to finish the process.

Report this User

Report this user for behavior that violates our Community Guidelines.

Details: